000 00282nam a2200121Ia 4500
005 20251222140035.0
008 251222s1900||||xx |||||||||||||| ||spa||
082 _a100.7/G84
100 _aGuardini, Romano
245 0 _aEl Fin de los Tiempos Modernos
264 _bSur
942 _cLIB
999 _c3108
_d3108